LEADER 04157oam 2200661 c 450 001 996354441803316 005 20220221094418.0 010 $a3-8309-7773-5 024 3 $a9783830977735 035 $a(CKB)4330000000531214 035 $a(Waxmann)9783830977735 035 $a(EXLCZ)994330000000531214 100 $a20220221d2014 uy 0 101 0 $ager 135 $aurnnunnnannuu 181 $ctxt$2rdacontent 182 $cc$2rdamedia 183 $acr$2rdacarrier 200 00$aAus- und Fortbildung der Lehrkra?fte in Hinblick auf Verbesserung der Diagnosefa?higkeit, Umgang mit Heterogenita?t und individuelle Fo?rderung$b[electronic resource]$fManuel Ade-Thurow, Wilfried Bos, Andreas Helmke, Tuyet Helmke, Nina Hovenga, Morena Lebens, Gerlinde Lenske, Detlev Leutner, Giang Hong Pham, Anna-Katharina Praetorius, Friedrich-Wilhelm Schrader, Christian Spoden, Joachim Wirth 205 $a1st, New ed. 210 $aMu?nster$cWaxmann$d2014 215 $a1 online resource (163 p.) 311 $a3-8309-2773-8 330 $aDieser Band umfasst vier Studienbriefe des von der Kultusministerkonferenz initiierten Projekts Aus- und Fortbildung der Lehrkra?fte in Hinblick auf Verbesserung der Diagnosefa?higkeit, Umgang mit Heterogenita?t, individuelle Fo?rderung - UDiKom. Das Land Nordrhein-Westfalen, vertreten durch das Ministerium fu?r Schule und Weiterbildung (MSW), war zusta?ndig fu?r die Koordination des gemeinsamen Vorhabens der Kultusministerkonferenz, das in Kooperation der vier Universita?ten Bochum, Dortmund, Duisburg-Essen und Koblenz-Landau durchgefu?hrt wurde. Die drei Studienbriefe des Moduls 1 sind gleich strukturiert: Sie beschreiben zu den Themen Individualdiagnostik, Vergleichsarbeiten/Lernstandserhebungen und Internationale Schulleistungsstudien die Zielsetzungen, Bewertungskriterien, testtheoretischen Grundlagen sowie den Anwendungsbereich und zeigen praktische Implikationen auf. Das Modul 2 bescha?ftigt sich mit der Diagnostik des Unterrichts. Konstitutiver Bestandteil des vierten Studienbriefes Unterrichtsdiagnostik ist ein netzbasiertes Programm zur Selbstevaluation auf Basis selbst erhobener Daten zum Unterricht (Schu?lerfeedback oder Unterrichtsbeobachtung). Als Angebot der Wissenschaft an die Praxis erhebt das vorgestellte Material den Anspruch, flexibel als Grundlage in allen Formen der Lehrerbildung in unterschiedlichen Lernkontexten einsetzbar und mit anderen Instrumenten kombinierbar zu sein. 330 1 $aIn vier ausfu?hrlichen Studienbriefen werden Grundbegriffe zum Versta?ndnis psychometrisch fundierter Verfahren vermittelt, mit denen Lernvoraussetzungen, -prozesse und -ergebnisse in vielfa?ltiger Weise genauer als durch Beobachtung identifiziert werden ko?nnen. - Projekte der empirischen Forschung auf dem Weg in die Praxis. - Jo?rg Schlo?merkemper in: PA?DAGOGIK, 1/2015 606 $aUdikom 606 $aEMU 606 $aIndivudualdiagnostik 606 $aVergleichsarbeiten 606 $aInternationale Schulleistungsstudien 606 $aUnterrichtsdiagnostik 606 $aSchulpa?dagogik 615 4$aUdikom 615 4$aEMU 615 4$aIndivudualdiagnostik 615 4$aVergleichsarbeiten 615 4$aInternationale Schulleistungsstudien 615 4$aUnterrichtsdiagnostik 615 4$aSchulpa?dagogik 702 $aAde-Thurow$b Manuel$4edt 702 $aBos$b Wilfried$4edt 702 $aHelmke$b Andreas$4edt 702 $aHelmke$b Tuyet$4edt 702 $aHovenga$b Nina$4edt 702 $aLebens$b Morena$4edt 702 $aLenske$b Gerlinde$4edt 702 $aLeutner$b Detlev$4edt 702 $aPham$b Giang Hong$4edt 702 $aPraetorius$b Anna-Katharina$4edt 702 $aSchrader$b Friedrich-Wilhelm$4edt 702 $aSpoden$b Christian$4edt 702 $aWirth$b Joachim$4edt 801 0$bWaxmann 801 1$bWaxmann 906 $aBOOK 912 $a996354441803316 996 $aAus- und Fortbildung der Lehrkra?fte in Hinblick auf Verbesserung der Diagnosefa?higkeit, Umgang mit Heterogenita?t und individuelle Fo?rderung$92780563 997 $aUNISA LEADER 00900nam0-22003251i-450 001 990004290190403321 005 20230228121529.0 010 $a0-415-08940-9 035 $a000429019 035 $aFED01000429019 035 $a(Aleph)000429019FED01 035 $a000429019 100 $a19990604d1990----km-y0itay50------ba 101 0 $aeng 102 $aGB 105 $ay-------001yy 200 1 $aAncient concepts of philosophy$fWilliam Jordan 210 $aLondon$cRoutledge$d1990 215 $aXIII, 207 p.$d22 cm 225 1 $aIssues in ancient philosophy 610 0 $aPlatone 700 1$aJordan,$bWilliam$0170274 801 0$aIT$bUNINA$gRICA$2UNIMARC 901 $aBK 912 $a990004290190403321 952 $a180 JORW 01$bBIBL.15595$fFLFBC 952 $a180 JORW 01 BIS$bBibl.17990$fFLFBC 959 $aFLFBC 996 $aAncient concepts of philosophy$9489474 997 $aUNINA LEADER 00912nam a22002531i 4500 001 991002070959707536 005 20030515104159.0 008 030925s1955 fr |||||||||||||||||fre 035 $ab12237917-39ule_inst 035 $aARCHE-028553$9ExL 040 $aBiblioteca Interfacoltà$bita$cA.t.i. Arché s.c.r.l. Pandora Sicilia s.r.l. 082 04$a171 100 1 $aNabert, Jean$0160177 245 10$aEssai sur le mal /$cpar Jean Nabert 260 $aParis :$bPresses Universitaires de France,$c1955 300 $a168 p. ;$c20 cm 440 0$aEpiméthée.$pEssai philosophiques 650 4$aMale 907 $a.b12237917$b02-04-14$c08-10-03 912 $a991002070959707536 945 $aLE002 Fil. III A 14/bis$g1$i2002000061959$lle002$o-$pE0.00$q-$rl$s- $t0$u0$v0$w0$x0$y.i12621833$z08-10-03 996 $aEssai sur le mal$917062 997 $aUNISALENTO 998 $ale002$b08-10-03$cm$da $e-$ffre$gfr $h0$i1 LEADER 05640nam 2200601 a 450 001 9910959970903321 005 20251116181818.0 010 $a1-62081-340-8 035 $a(CKB)2550000001043056 035 $a(EBL)3021144 035 $a(SSID)ssj0001035409 035 $a(PQKBManifestationID)11596973 035 $a(PQKBTitleCode)TC0001035409 035 $a(PQKBWorkID)11028816 035 $a(PQKB)11383694 035 $a(MiAaPQ)EBC3021144 035 $a(Au-PeEL)EBL3021144 035 $a(CaPaEBR)ebr10681344 035 $a(OCoLC)832756287 035 $a(BIP)39238730 035 $a(EXLCZ)992550000001043056 100 $a20130408d2012 uy 0 101 0 $aeng 135 $aur|n|---||||| 181 $ctxt 182 $cc 183 $acr 200 00$aOsteoclasts $emorphology, functions and clinical implications /$fAlexander J. Brown and Johanna S. Walker, editors 205 $a1st ed. 210 $aNew York $cNova Science Publishers, Inc.$d2012 215 $a1 online resource (182 p.) 225 1 $aCell biology research progress 225 1 $aHuman anatomy and physiology 300 $aDescription based upon print version of record. 311 08$a1-62081-306-8 320 $aIncludes bibliographical references and index. 327 $aIntro -- OSTEOCLASTS -- OSTEOCLASTS -- Contents -- Preface -- Modulation of Osteoclast Differentiation and Function in Rheumatoid Arthritis -- Introduction -- Osteoclasts in Rheumatoid Arthritis -- Growth Factors -- Macrophage Colony Stimulating Factor -- Granulocyte Macrophage- Colony Stimulating Factor -- Transforming Growth Factor-Beta -- Tumor Necrosis Factor Super Family -- Receptor Activator of NF-Kappa B Ligand -- Tumor Necrosis Factor-Alpha -- Osteoprotegerin -- Interferon Family -- Interleukin Family -- Interleukin 1 -- Interleukin 6 -- Interleukin 10 -- Conclusion -- Refrences -- Osteoclast Formation and Function and Its role in Skeletal Bone Disease -- Abstract -- Introduction -- Multinucleation -- Sealing Zone -- Ruffled Border -- Basolateral Membrane -- OCs and Clinical Implications -- Osteopetrosis -- Pycnodysostosis -- Paget's Disease -- Osteoporosis -- Cancer -- Inflammatory Arthritis -- Conclusion -- Acknowledgments -- References -- The High Osteoclastogenic Potential of Human Osteosarcoma Cells: Reciprocal Interaction between MG63 Osteoblast-Like Cells and Osteoclast Precursors -- Abstract -- 1. Introduction -- 2. Cell Culture Models -- 2.1. MG63 Cell Line -- 2.2. Peripheral Blood Mononuclear Cells (PBMC) -- 3. Osteoclastogenic Potential of the MG63 -- Cell Line -- 3.1. Paracrine-Mediated Mechanisms -- 3.2. Cell-to-Cell Contact Mechanisms -- 4. Modulation of the MG63 Cell Behavior by Osteoclastic Cells -- Conclusion -- References -- Osteoclast Biology in Paget's Disease of Bone -- Abstract -- Osteoclast Phenotype in PDB -- Viral and Genetic Factors in Paget's Disease of Bone -- Role of p62 in Osteoclast Signaling -- p62 as a Shuttling Factor -- Role of p62 Mutations in Paget's Disease of Bone -- Conclusion -- References -- Osteoclasts: The Major Actors in Bone Resorption -- Abstract -- Introduction. 327 $aOsteoclast Differentiation and Activation -- Osteoclasts and Immune System Talk -- Osteoclasts in Bone Metastases -- Osteoclasts in Rheumatoid Arthritis -- Osteoclasts in Periprosthetic Osteolysis -- Osteoclasts in Pedriatic Disease -- Osteoclasts in Osteoporosis -- Conclusion -- References -- Role of the Immuno-Skeletal Interface in Physiological and Pathological Osteoclast Regulation -- Abstract -- Introduction -- 1. Physiological Osteoclast Formation and the Role of the RANK/RANKL/OPG Axis -- 2. Role of the Immuno-skeletal Interface in Physiological Osteoclast Renewal -- a) T Cells and B Cells, the Centerpiece of Cell-mediated Immunity -- b) T Cells and B Cells, Critical Regulators of Basal Osteoclastogenesis -- c) Disruption of the Immuno-skeletal Interface and Bone Loss Associated with HIV-Infection -- d) The immuno-skeletal Interface and Osteoclastic Bone Loss Associated with inflammatory Disease -- e) Role of the Immuno-skeletal interface in Estrogen Deficiency-induced Bone Loss -- Conclusion -- Acknowledgments -- References -- Multiple Functions of Osteoclasts and Potential Usefulness of Phosphatidylserine-Containing Liposomes on Bone Diseases -- Abstract -- Introduction -- Immune Fuctions of OCs -- Angiogenic Functions of OCs -- HSC Regulation Function of OCs -- Effects of PSLs on OCs -- Effects of PSLs on Macrophages/Miroglia -- Effects of PSLs on DCs -- Conclusion -- References -- Bone Formation and Osteoclastic Resorption after Implantation of beta-Tricalcium Phosphate (beta-TCP) -- Abstract -- Introduction -- Materials and Methods -- Experiment 1 -- Experiment 2 -- Results -- Experiment 1 -- Experiment 2 -- Discussion -- Conclusion -- References -- Osteoclasts of Patients with Neurofibromatosis 1 (NF1) -- Abstract -- Short Communication -- References -- Index. 330 $aIn this book, the authors present current research in the study of the morphology, functions and clinical implications of osteoclasts. Topics include osteoclast formation and function and its risk in skeletal bone disease. 410 0$aCell biology research progress. 410 0$aHuman anatomy and physiology series. 606 $aOsteoclasts 615 0$aOsteoclasts. 676 $a616.71 701 $aBrown$b Alexander J$01864516 701 $aWalker$b Johanna S$01864517 801 0$bMiAaPQ 801 1$bMiAaPQ 801 2$bMiAaPQ 906 $aBOOK 912 $a9910959970903321 996 $aOsteoclasts$94471367 997 $aUNINA LEADER 03357oam 2200733 c 450 001 9910645983803321 005 20260302090207.0 024 3 $a9783487423388 035 $a(CKB)5670000000613387 035 $a(NjHacI)995670000000613387 035 $a(ScCtBLL)b3a38af7-5a41-4565-8751-c3f5023230ec 035 $a(Georg Olms Verlag)9783487423388 035 $a(EXLCZ)995670000000613387 100 $a20260302d2022 uy 0 101 0 $ager 135 $aur||||||||||| 181 $ctxt$2rdacontent 182 $cc$2rdamedia 183 $acr$2rdacarrier 200 00$aAlte Geschichte und Archäologie im Gespräch. 34 Jahre Briefwechsel von Theodor Mommsen mit Wolfgang Helbig 1861?1895$fPeter Mommsen 205 $a1st ed. 210 $aHildesheim$cGeorg Olms Verlag$d2022 215 $a1 online resource (255 pages) 311 08$a9783487161891 311 08$a3487161893 311 08$a9783487423388 311 08$a3487423383 330 $a47 neugefundene Briefe von Theodor Mommsen waren der Anstoß, sie mit den Gegenbriefen des Archäologen Wolfgang Helbig aus der Staatsbibliothek zu Berlin in dieser Gesamtausgabe zu vereinigen. 28 Briefe Mommsens aus der Gelehrtenkorrespondenz des Archäologischen Instituts Rom, wo Helbig über 20 Jahre Zweiter Sekretär war, kamen hinzu. Dieses bisher unveröffentlichte Material von insgesamt 176 Briefen gewährt einen fesselnden Einblick in das wissenschaftliche Leben einer Zeit, in der Deutschland auf dem Gebiet der Altertumswissenschaft in der Welt führend war. Dabei entstehen die Charakterbilder zweier Vertreter ihrer Fächer, der Archäologie und der Alten Geschichte, was sie verband und was sie trennte. Die nahezu 1000 Anmerkungen vermitteln ein umfassendes Bild der damaligen Wissenschaftsgemeinschaft, in der die beiden mächtigen, aber höchst eigenwilligen Persönlichkeiten mit Entschiedenheit und Diplomatie über Jahrzehnte agierten. Nicht zuletzt wird man Zeuge dessen, wie mit dem aufkommenden Nationalismus auf beiden Seiten die ehemalige Internationalität der Forschung in die Brüche ging. *** Die digitale Ausgabe des Briefwechsels Theodor Mommsens mit seiner Frau, Hrsg. J. Köck, ist nun zugänglich: https://digi.ub.uni-heidelberg.de/diglit/mommsen 606 $aAlte Geschichte 606 $aArchäologie 606 $aArchäologisches Institut 606 $aBrief 606 $aBriefwechsel 606 $aGeschichte 606 $aHelbig 606 $aItalien 606 $aKorrespondenz 606 $aKulturgeschichte 606 $aMommsen 606 $aRom 606 $aTheodor Mommsen 606 $aWolfgang Helbig 615 4$aAlte Geschichte 615 4$aArchäologie 615 4$aArchäologisches Institut 615 4$aBrief 615 4$aBriefwechsel 615 4$aGeschichte 615 4$aHelbig 615 4$aItalien 615 4$aKorrespondenz 615 4$aKulturgeschichte 615 4$aMommsen 615 4$aRom 615 4$aTheodor Mommsen 615 4$aWolfgang Helbig 676 $a607.1 702 $aMommsen$b Peter$4edt 801 0$bNjHacI 801 1$bNjHacl 906 $aBOOK 912 $a9910645983803321 996 $aAlte Geschichte und Archäologie im Gespräch. 34 Jahre Briefwechsel von Theodor Mommsen mit Wolfgang Helbig 1861?1895$94452983 997 $aUNINA